Family Feud #6 - Statistics

General Stats
  • This quiz has been taken 45 times
  • The average score is 3 of 5
Answer Stats
Hint Answer % Correct
26 Ball/Football
98%
13 Balloon
83%
33 Tire/Inner Tube
58%
18 Ego/Emotion
35%
8 Air Mattress
18%
No matching quizzes found
Score Distribution
Percent of People with Each Score
Percentile by Number Answered
Your Score History
You have not taken this quiz